[Event "Prague Golden op 11th"]
[Site "Prague"]
[Date "2015.06.27"]
[Round "8"]
[White "Mokryk, Radomyr"]
[Black "Krieger, Miroslav"]
[Result "1-0"]
[WhiteElo "1703"]
[BlackElo "1578"]
[PlyCount "61"]
[EventDate "2015.06.21"]
[EventType "swiss"]
[EventRounds "9"]
[EventCountry "CZE"]
[SourceTitle "EXT 2017"]
[Source "ChessBase"]
[SourceDate "2016.10.25"]
[SourceVersion "1"]
[SourceVersionDate "2016.10.25"]
[SourceQuality "1"]

1. c4 c5 2. g3 e5 3. Bg2 Nf6 4. Nc3 Nc6 5. d3 h6 6. Nf3 d6 7. 0-0 Be7 8. a3 0-0 9. Rb1 a5 10. Bd2 Rb8 11. Nb5 Bd7 12. Ne1 h5 13. Nc2 Nh7 14. h4 g5 15. hxg5 Bxg5 16. Nxd6 h4 17. Ne4 Be7 18. Bh6 Re8 19. Qd2 f5 20. Nc3 Bg5 21. Bxg5 Nxg5 22. gxh4 Nf7 23. Qe3 Qxh4 24. Qg3+ Qxg3 25. fxg3 Nd4 26. Nxd4 cxd4 27. Nd5 Re6 28. Bh3 Nh6 29. Bxf5 Nxf5 30. Rxf5 b6 31. Nf6+ 1-0

[Event "Prague Golden op 11th"]
[Site "Prague"]
[Date "2015.06.25"]
[Round "6"]
[White "Mokryk, Radomyr"]
[Black "Kucera, Jan2"]
[Result "0-1"]
[WhiteElo "1703"]
[BlackElo "1816"]
[PlyCount "136"]
[EventDate "2015.06.21"]
[EventType "swiss"]
[EventRounds "9"]
[EventCountry "CZE"]
[SourceTitle "EXT 2017"]
[Source "ChessBase"]
[SourceDate "2016.10.25"]
[SourceVersion "1"]
[SourceVersionDate "2016.10.25"]
[SourceQuality "1"]

1. c4 c5 2. g3 g6 3. Bg2 e6 4. Nc3 Bg7 5. Nf3 Ne7 6. 0-0 0-0 7. d3 d5 8. cxd5 Nxd5 9. Bd2 Nc6 10. a3 Rb8 11. Rb1 b6 12. Qc2 Bb7 13. e4 Nde7 14. Be3 Nd4 15. Bxd4 Bxd4 16. Nxd4 Qxd4 17. Ne2 Qd7 18. Rfd1 Nc6 19. Qc3 Rfd8 20. Rd2 Nd4 21. Nxd4 Qxd4 22. Qxd4 Rxd4 23. b3 Rbd8 24. Rbd1 b5 25. Kf1 c4 26. bxc4 bxc4 27. Ke2 cxd3+ 28. Ke3 Ba6 29. Bf1 Ra4 30. Ra1 Rc4 31. a4 Rdd4 32. Bxd3 Rxa4 33. Rxa4 Rxa4 34. Bxa6 Rxa6 35. Rb2 Ra3+ 36. Kd4 Kg7 37. e5 g5 38. Kc5 Kg6 39. Kd6 a5 40. Ke7 Kg7 41. Ke8 a4 42. Rb7 Rf3 43. Ra7 a3 44. h4 gxh4 45. gxh4 Kg6 46. Ke7 Kh5 47. Ra4 Rxf2 48. Rxa3 Kxh4 49. Ra8 h5 50. Rg8 Kh3 51. Rg7 h4 52. Rxf7 Rxf7+ 53. Kxf7 Kg3 54. Kxe6 h3 55. Kd7 h2 56. e6 h1Q 57. e7 Qd5+ 58. Kc8 Qc6+ 59. Kd8 Qd6+ 60. Ke8 Kg4 61. Kf7 Qd5+ 62. Kf8 Qf5+ 63. Kg7 Qe6 64. Kf8 Qf6+ 65. Ke8 Kf5 66. Kd7 Qe6+ 67. Kd8 Qd6+ 68. Ke8 Kf6 0-1

[Event "Prague Golden op 11th"]
[Site "Prague"]
[Date "2015.06.22"]
[Round "2"]
[White "Mach, Petr"]
[Black "Mokryk, Radomyr"]
[Result "1-0"]
[WhiteElo "1537"]
[BlackElo "1703"]
[PlyCount "115"]
[EventDate "2015.06.21"]
[EventType "swiss"]
[EventRounds "9"]
[EventCountry "CZE"]
[SourceTitle "CBM 167 Extra"]
[Source "ChessBase"]
[SourceDate "2015.09.14"]
[SourceVersion "1"]
[SourceVersionDate "2015.09.14"]
[SourceQuality "1"]

1. e4 Nf6 2. Nc3 d5 3. exd5 Nxd5 4. Bc4 Nxc3 5. bxc3 Nc6 6. d4 g6 7. Nf3 Bg4 8. h3 Bf5 9. Bf4 Bg7 10. Rb1 Rb8 11. 0-0 0-0 12. Re1 Bd7 13. Ne5 Nxe5 14. Bxe5 Bxe5 15. Rxe5 e6 16. Qf3 Bc6 17. Qf4 b6 18. Qh6 Qf6 19. Rbe1 Rfe8 20. Qe3 Rbd8 21. Bb5 Bxb5 22. Rxb5 Rd7 23. Re5 Red8 24. Qg5 Qxg5 25. Rxg5 Rd5 26. Rxd5 Rxd5 27. Rb1 Ra5 28. Rb2 Kf8 29. Kf1 Ke7 30. Ke2 Kd6 31. c4 c5 32. c3 Kc6 33. Kd3 f5 34. f4 a6 35. Kc2 b5 36. cxb5+ axb5 37. dxc5 Kxc5 38. Kd3 Ra4 39. g3 Re4 40. Re2 Rxe2 41. Kxe2 Kc4 42. Kd2 h6 43. h4 Kd5 44. Kd3 Kc5 45. a3 Kd5 46. c4+ bxc4+ 47. Kc3 Kc5 48. a4 h5 49. a5 Kb5 50. a6 Kxa6 51. Kxc4 Kb6 52. Kd4 Kc6 53. Ke5 Kd7 54. Kf6 Kd6 55. Kxg6 e5 56. Kxf5 exf4 57. Kxf4 Ke6 58. Kg5 1-0